00672nam a2200193Ia 4500003000900000008004100009020001800050040001600068080001400084110003700098245009500135260005100230300001000281650004100291650003300332942000700365999001500372952009100387IN-BaIIA211028s9999 xx 000 0 eng d a90-277-2322-2 cIIA Library a58.7bIAU aInternational Astronomical Union 0aAlphabetical List of MemberscInternational Astronomical Union  aBombaybInternational Astronomical Unionc1986 a654p. aAstronomy and Astrophysics Thesaurus aDirectory-IAU Members915006 cBK c8930d8930 00104070aBANbBANcGENd1987-01-01l0o058.7/ IAUp9817r2021-11-05w1987-01-01yBK